000 00509nam a22001457a 4500
020 _qHard Cover.
040 _cSINES-NUST,
082 _a004-Tah
100 _aSamia Tahira.
_991004
245 _aStructural, Electronic and Magnetic Properties of 2D MXene Monolayer for Energy Storage Applications:
_bA Computational Investigation /
_cTahira, Samia
260 _aIslamabad:
_bSINES-NUST,
_c2022.
300 _a74 p. :
_bill. ;
_c30cm.
650 _2MS-Computational Science and Engineering.
942 _2ddc
_cTHE
999 _c589202
_d589202